[Event "11PCR_F"]
[Site "?"]
[Date "2002.??.??"]
[Round "?"]
[White "Pospisil, Ludvik"]
[Black "Vinklarek, Vlastimil"]
[Result "1-0"]
[WhiteElo "2390"]
[BlackElo "2135"]
[PlyCount "75"]
[EventDate "2002.??.??"]
[EventType "corr"]
[SourceDate "2004.??.??"]

1. e4 d5 2. exd5 Qxd5 3. Nc3 Qa5 4. d4 e5 5. Nf3 Bb4 6. Bd2 exd4 7. Nxd4 Ne7 8.
Ncb5 Bxd2+ 9. Qxd2 Qxd2+ 10. Kxd2 Kd8 11. Rd1 a6 12. Kc1 Nd7 13. Nc3 c5 14. Nb3
b6 15. Bc4 Rf8 16. Ne4 Kc7 17. Rhe1 Ng6 18. Ng5 Nde5 19. Bd5 Rb8 20. f4 Nc6 21.
Nxh7 Rh8 22. Ng5 Rxh2 23. Nxf7 Nb4 24. Bf3 Bf5 25. Be4 Bxe4 26. Rxe4 Rf8 27.
Ng5 Kc8 28. Ne6 Rfh8 29. c3 Nc6 30. g4 Rg2 31. Nd2 Rxg4 32. Nc4 b5 33. Nb6+ Kb7
34. Nd5 c4 35. Nc5+ Ka7 36. Re6 Rc8 37. Rde1 a5 38. f5 1-0

[Event "11PCR_F"]
[Site "?"]
[Date "2002.??.??"]
[Round "?"]
[White "Nosek, Jaroslav"]
[Black "Cervenka, Jan"]
[Result "1-0"]
[WhiteElo "2285"]
[BlackElo "2155"]
[PlyCount "67"]
[EventDate "2002.??.??"]
[EventType "corr"]
[SourceDate "2004.??.??"]

1. e4 e5 2. Nf3 Nc6 3. Bb5 a6 4. Ba4 Nf6 5. O-O Be7 6. Re1 b5 7. Bb3 d6 8. c3
O-O 9. h3 Na5 10. Bc2 c5 11. d4 cxd4 12. cxd4 Bb7 13. d5 Nc4 14. Nbd2 Rc8 15.
Nf1 Qc7 16. Bd3 Nd7 17. Ng3 Rfe8 18. Nf5 Bf8 19. Qe2 Qa5 20. a4 Qb4 21. axb5
axb5 22. Rb1 Nc5 23. b3 Nxb3 24. Qd1 Nca5 25. Bc2 Rxc2 26. Qxc2 Rc8 27. Qd1 Qa4
28. Bd2 Nxd2 29. Nxd2 Qxd1 30. Rexd1 Rc5 31. Ne3 Bc8 32. Ra1 Nb7 33. Ra8 Rc7
34. Nb3 1-0

[Event "11PCR_F"]
[Site "?"]
[Date "2002.??.??"]
[Round "?"]
[White "Doubek, Svatopluk"]
[Black "Splichal, Josef"]
[Result "1-0"]
[WhiteElo "2270"]
[BlackElo "2155"]
[PlyCount "77"]
[EventDate "2002.??.??"]
[EventType "corr"]
[SourceDate "2004.??.??"]

1. e4 c5 2. Nf3 d6 3. d4 cxd4 4. Qxd4 Nc6 5. Bb5 Bd7 6. Bxc6 Bxc6 7. Nc3 Nf6 8.
Bg5 e6 9. O-O-O Be7 10. Qd3 O-O 11. Nd4 Qa5 12. f4 Rfd8 13. Kb1 Rac8 14. f5 e5
15. Nxc6 bxc6 16. g4 Rb8 17. b3 Rd7 18. h4 Qb4 19. Rhg1 Ne8 20. Bd2 a5 21. g5
a4 22. Nd5 Qc5 23. Nxe7+ Rxe7 24. f6 axb3 25. cxb3 Reb7 26. Bc1 Ra8 27. Rg2 g6
28. h5 gxh5 29. Rh1 Nc7 30. Rxh5 Nb5 31. Bb2 Na3+ 32. Bxa3 Qxa3 33. Rh1 Rab8
34. Rb2 Qb4 35. Ka1 Qd4 36. Qxd4 exd4 37. Rbh2 Kf8 38. Rxh7 Ke8 39. Kb2 1-0

[Event "11PCR_F"]
[Site "?"]
[Date "2002.??.??"]
[Round "?"]
[White "Canibal, Jaromir"]
[Black "Valenta, Josef"]
[Result "1/2-1/2"]
[WhiteElo "2230"]
[BlackElo "2160"]
[PlyCount "49"]
[EventDate "2002.??.??"]
[EventType "corr"]
[SourceDate "2004.??.??"]

1. e4 e5 2. Nf3 Nc6 3. Bb5 a6 4. Ba4 Nf6 5. O-O Be7 6. Re1 b5 7. Bb3 O-O 8. c3
d6 9. h3 Na5 10. Bc2 c5 11. d4 Qc7 12. d5 Nc4 13. a4 Nb6 14. axb5 axb5 15. Rxa8
Nxa8 16. Qe2 Qd7 17. b4 c4 18. Be3 Ne8 19. Nbd2 f5 20. Ra1 Bb7 21. Bg5 Bf6 22.
Ra7 Nb6 23. Nf1 fxe4 24. Bxe4 g6 25. Bh6 1/2-1/2

[Event "11PCR_F"]
[Site "?"]
[Date "2002.??.??"]
[Round "?"]
[White "Nedoma, Petr"]
[Black "Thoma, Otomar"]
[Result "0-1"]
[WhiteElo "2200"]
[BlackElo "2185"]
[PlyCount "70"]
[EventDate "2002.??.??"]
[EventType "corr"]
[SourceDate "2004.??.??"]

1. e4 e5 2. Nf3 Nc6 3. Bb5 Nf6 4. O-O Nxe4 5. Re1 Nd6 6. Bxc6 dxc6 7. Nxe5 Be7
8. d4 O-O 9. c3 Be6 10. Bf4 Re8 11. Nd2 Bf8 12. Nd3 Qf6 13. Qf3 Bd5 14. Qh5 Nc4
15. Nxc4 Bxc4 16. Bxc7 Bxd3 17. Be5 Qf5 18. Qxf5 Bxf5 19. f3 f6 20. Bc7 Kf7 21.
Kf2 Rxe1 22. Rxe1 Re8 23. Rxe8 Kxe8 24. g4 Be6 25. a3 Kd7 26. Bf4 g5 27. Bb8 b6
28. Ke2 Bd6 29. Bxd6 Kxd6 30. Ke3 c5 31. Ke4 Bd5+ 32. Ke3 cxd4+ 33. cxd4 Kc6
34. a4 Bb3 35. a5 bxa5 0-1

[Event "11PCR_F"]
[Site "?"]
[Date "2002.??.??"]
[Round "?"]
[White "Thoma, Otomar"]
[Black "Boleslav, Petr"]
[Result "1-0"]
[WhiteElo "2185"]
[BlackElo "1735"]
[PlyCount "61"]
[EventDate "2002.??.??"]
[EventType "corr"]
[SourceDate "2004.??.??"]

1. e4 c5 2. Nf3 d6 3. d4 cxd4 4. Nxd4 Nf6 5. Nc3 a6 6. Be2 e6 7. O-O Be7 8. f4
Qc7 9. Be3 Nc6 10. Qe1 O-O 11. Qg3 Bd7 12. Rae1 b5 13. a3 Rac8 14. Bd3 Nh5 15.
Qf3 Nf6 16. Kh1 Na5 17. g4 Nc4 18. g5 Ne8 19. Bxc4 Qxc4 20. f5 a5 21. f6 Bd8
22. Qh5 e5 23. Nd5 exd4 24. Bd2 Bc6 25. Ne7+ Bxe7 26. fxe7 Bxe4+ 27. Kg1 Bg6
28. exf8=Q+ Kxf8 29. Qg4 f6 30. gxf6 Nxf6 31. Rxf6+ 1-0

[Event "11PCR_F"]
[Site "?"]
[Date "2002.??.??"]
[Round "?"]
[White "Splichal, Josef"]
[Black "Canibal, Jaromir"]
[Result "1-0"]
[WhiteElo "2155"]
[BlackElo "2230"]
[PlyCount "49"]
[EventDate "2002.??.??"]
[EventType "corr"]
[SourceDate "2004.??.??"]

1. e4 e5 2. Nf3 Nf6 3. d4 Nxe4 4. Bd3 d5 5. Nxe5 Nd7 6. Nxd7 Bxd7 7. O-O Be7 8.
c4 Nf6 9. Nc3 dxc4 10. Bxc4 O-O 11. Re1 c6 12. Bf4 Bf5 13. d5 Bc5 14. dxc6 Qb6
15. Qf3 Bg4 16. Qg3 Qxc6 17. Be5 Rac8 18. Bd3 Qe6 19. h3 Bf5 20. b4 Nh5 21. Qf3
Bxd3 22. bxc5 Qg6 23. Qxb7 Rxc5 24. Nd5 Qa6 25. Qxa6 1-0

[Event "11PCR_F"]
[Site "?"]
[Date "2002.??.??"]
[Round "?"]
[White "Cervenka, Jan"]
[Black "Doubek, Svatopluk"]
[Result "0-1"]
[WhiteElo "2155"]
[BlackElo "2270"]
[PlyCount "94"]
[EventDate "2002.??.??"]
[EventType "corr"]
[SourceDate "2004.??.??"]

1. e4 e5 2. Nf3 Nc6 3. Bb5 a6 4. Ba4 Nf6 5. O-O Be7 6. Re1 b5 7. Bb3 d6 8. c3
O-O 9. h3 Na5 10. Bc2 c5 11. d4 cxd4 12. cxd4 Bb7 13. d5 Rc8 14. b3 Qc7 15. Bd3
Nd7 16. Bd2 f5 17. Bb4 Nc5 18. Na3 Nxe4 19. Bxe4 fxe4 20. Rxe4 Ba8 21. Rg4 Nb7
22. Qd2 Bf6 23. Ng5 Bxg5 24. Rxg5 Rf4 25. Rg4 Rxg4 26. hxg4 a5 27. Nxb5 Qb6 28.
Rc1 Rf8 29. Nxd6 axb4 30. Nc4 Qf6 31. Re1 Qf4 32. Rxe5 Qxd2 33. Nxd2 Nc5 34. d6
Nd3 35. Rb5 Bc6 36. Rb6 Bd7 37. f3 Kf7 38. Nc4 Ke6 39. Rb7 g5 40. Ra7 h6 41.
Ra5 Bc6 42. Ra7 Bb5 43. Rh7 Bxc4 44. bxc4 Kxd6 45. Rxh6+ Kc5 46. Ra6 Kxc4 47.
Ra5 Re8 0-1

[Event "11PCR_F"]
[Site "?"]
[Date "2002.??.??"]
[Round "?"]
[White "Vinklarek, Vlastimil"]
[Black "Nosek, Jaroslav"]
[Result "1/2-1/2"]
[WhiteElo "2135"]
[BlackElo "2285"]
[PlyCount "40"]
[EventDate "2002.??.??"]
[EventType "corr"]
[SourceDate "2004.??.??"]

1. e4 e6 2. d4 d5 3. e5 c5 4. c3 Nc6 5. Nf3 Qb6 6. a3 Nge7 7. Bd3 cxd4 8. cxd4
Bd7 9. Bc2 Rc8 10. O-O Ng6 11. Nc3 Be7 12. Qd3 O-O 13. b4 f6 14. exf6 Bxf6 15.
Be3 Qc7 16. Rac1 Nxb4 17. axb4 Qxc3 18. Qxc3 Rxc3 19. Bxg6 Rxc1 20. Bxh7+ Kxh7
1/2-1/2

[Event "11PCR_F"]
[Site "?"]
[Date "2002.??.??"]
[Round "?"]
[White "Chvojka, Jaroslav"]
[Black "Pospisil, Ludvik"]
[Result "0-1"]
[WhiteElo "2125"]
[BlackElo "2390"]
[PlyCount "118"]
[EventDate "2002.??.??"]
[EventType "corr"]
[SourceDate "2004.??.??"]

1. d4 d5 2. c4 e6 3. Nc3 c6 4. Nf3 dxc4 5. a4 Bb4 6. e3 b5 7. Bd2 a5 8. axb5
Bxc3 9. Bxc3 cxb5 10. b3 Bb7 11. bxc4 b4 12. Bb2 Nf6 13. Bd3 Nbd7 14. O-O O-O
15. Re1 Ne4 16. Qc2 f5 17. c5 Qc7 18. Red1 Rfb8 19. Ne1 Bd5 20. f3 Nef6 21.
Rdb1 a4 22. Qd2 b3 23. Ra3 Nf8 24. Rba1 Qd7 25. Qe2 Ng6 26. Ba6 Bc6 27. Bc4 Qe8
28. Nd3 Bd5 29. Bxd5 exd5 30. Ne5 Ne7 31. Qe1 Ra6 32. Qe2 Ra7 33. Qd1 Nd7 34.
Nd3 Nf8 35. Bc3 Rba8 36. Nb2 Ne6 37. Qd3 Qc6 38. Be1 f4 39. e4 Qd7 40. Bc3 Ng5
41. Qe2 dxe4 42. fxe4 Qe6 43. Re1 Ng6 44. Kh1 Nh4 45. Qc4 Qxc4 46. Nxc4 f3 47.
gxf3 Nhxf3 48. Re3 Rf8 49. Ra1 Rf4 50. d5 Nxe4 51. c6 Nf2+ 52. Kg2 Nh4+ 53. Kg1
Rxc4 54. Kxf2 a3 55. Re8+ Kf7 56. Re3 Rxc3 57. Rxc3 b2 58. Rf1 a2 59. c7 a1=Q
0-1

[Event "11PCR_F"]
[Site "?"]
[Date "2002.??.??"]
[Round "?"]
[White "Batka, Josef"]
[Black "Jarabinsky, Martin"]
[Result "1-0"]
[WhiteElo "2115"]
[BlackElo "2000"]
[PlyCount "119"]
[EventDate "2002.??.??"]
[EventType "corr"]
[SourceDate "2004.??.??"]

1. e4 e5 2. Nc3 Nf6 3. Bc4 Bc5 4. d3 Nc6 5. Bg5 O-O 6. Nf3 Bb4 7. O-O Bxc3 8.
bxc3 h6 9. Bh4 d6 10. Nd2 Na5 11. Bb3 Bd7 12. Qf3 g5 13. Bg3 h5 14. h3 h4 15.
Bh2 g4 16. Qe3 gxh3 17. gxh3 Kh7 18. f4 Nxb3 19. axb3 exf4 20. Bxf4 Rg8+ 21.
Kh1 Nh5 22. Qe2 Ng7 23. Nf3 f6 24. Rg1 Qe8 25. Nxh4 Nh5 26. Rxg8 Kxg8 27. Rg1+
Kh7 28. Ng6 Qxg6 29. Rxg6 Kxg6 30. Qf3 Rh8 31. h4 a5 32. c4 b6 33. Be3 Ng7 34.
Qg3+ Kf7 35. Kh2 Rg8 36. Qf3 Rh8 37. Kg3 a4 38. bxa4 Bxa4 39. c3 Be8 40. Qg4
Ne6 41. Kf2 Ke7 42. d4 Bh5 43. Qh3 Bf7 44. d5 Nc5 45. Bxc5 bxc5 46. Qf5 Ra8 47.
Qh7 Ra2+ 48. Ke3 Rg2 49. h5 Rg8 50. h6 Rg3+ 51. Kd2 Rg2+ 52. Kc1 Rg6 53. Kb2
Rg2+ 54. Kb3 Rg6 55. Ka4 Rg2 56. Kb5 Rg5 57. Kc6 f5 58. Kxc7 f4 59. e5 Rxe5 60.
Qh8 1-0

[Event "11PCR_F"]
[Site "?"]
[Date "2002.??.??"]
[Round "?"]
[White "Jakimic, Viktor"]
[Black "Slavik, Miroslav"]
[Result "1/2-1/2"]
[WhiteElo "2095"]
[BlackElo "2030"]
[PlyCount "94"]
[EventDate "2002.??.??"]
[EventType "corr"]
[SourceDate "2004.??.??"]

1. d4 Nf6 2. c4 e6 3. Nc3 Bb4 4. a3 Bxc3+ 5. bxc3 c5 6. e3 O-O 7. Bd3 Nc6 8.
Nf3 d6 9. Qc2 e5 10. d5 Ne7 11. O-O b6 12. Ng5 h6 13. Nh7 Nxh7 14. Bxh7+ Kh8
15. Bd3 f5 16. f3 Rf7 17. a4 Ng6 18. Ra2 Bd7 19. Bd2 Rc8 20. Bc1 Qg5 21. Bd2
Nh4 22. Bc1 f4 23. exf4 exf4 24. a5 Bh3 25. Rf2 Re8 26. Be4 bxa5 27. Qa4 Rfe7
28. Rae2 Bf5 29. Qxa5 Bxe4 30. fxe4 Rxe4 31. Bxf4 Qe7 32. Rxe4 Qxe4 33. Qa1
Nxg2 34. Bxd6 Ne3 35. Bg3 Re7 36. Rb2 Rf7 37. Re2 Qd3 38. Qe1 Rf1+ 39. Qxf1
Nxf1 40. Kxf1 Qxc3 41. d6 Kh7 42. Re7 a5 43. Be5 Qxc4+ 44. Kg1 Qg4+ 45. Kf1
Qd1+ 46. Kf2 Qd2+ 47. Kf1 Qd1+ 1/2-1/2

[Event "11PCR_F"]
[Site "?"]
[Date "2002.??.??"]
[Round "?"]
[White "Boleslav, Petr"]
[Black "Slavik, Miroslav"]
[Result "1-0"]
[WhiteElo "1735"]
[BlackElo "2030"]
[PlyCount "79"]
[EventDate "2002.??.??"]
[EventType "corr"]
[SourceDate "2004.??.??"]

1. e4 e5 2. Nf3 Nc6 3. Bb5 a6 4. Ba4 Nf6 5. O-O Be7 6. Re1 b5 7. Bb3 O-O 8. c3
d6 9. d4 Bg4 10. d5 Na5 11. Bc2 c6 12. h3 Bc8 13. dxc6 Qc7 14. Nbd2 Qxc6 15.
Nf1 Be6 16. Ng3 Rfc8 17. Nh4 Nc4 18. a4 Bf8 19. Nf3 h6 20. Qe2 d5 21. b3 Nd6
22. Bb2 dxe4 23. Nxe5 Qc5 24. Ng4 Nxg4 25. hxg4 e3 26. f4 bxa4 27. Rxa4 Qb5 28.
c4 Nxc4 29. Qd3 f5 30. Bxg7 Bxg7 31. bxc4 Rxc4 32. Nxf5 Rxa4 33. Nxh6+ Bxh6 34.
Qh7+ Kf8 35. Qxh6+ Kf7 36. Qg6+ Ke7 37. Qg7+ Kd6 38. Rd1+ Kc6 39. Bxa4 Qxa4 40.
Rc1+ 1-0

[Event "11PCR_F"]
[Site "?"]
[Date "2002.??.??"]
[Round "?"]
[White "Jarabinsky, Martin"]
[Black "Jakimic, Viktor"]
[Result "1/2-1/2"]
[WhiteElo "2000"]
[BlackElo "2095"]
[PlyCount "42"]
[EventDate "2002.??.??"]
[EventType "corr"]
[SourceDate "2004.??.??"]

1. d4 d5 2. c4 c6 3. Nf3 e6 4. e3 Nf6 5. Bd3 dxc4 6. Bxc4 c5 7. O-O cxd4 8.
exd4 Nc6 9. Nc3 a6 10. d5 Na5 11. dxe6 Qxd1 12. exf7+ Ke7 13. Rxd1 Nxc4 14. b3
Nd6 15. Ba3 Ke6 16. Ng5+ Kf5 17. Rxd6 Bxd6 18. Bxd6 Kxg5 19. f8=Q Rxf8 20. Bxf8
Kg6 21. Bc5 Bf5 1/2-1/2

[Event "11PCR_F"]
[Site "?"]
[Date "2002.??.??"]
[Round "?"]
[White "Pospisil, Ludvik"]
[Black "Batka, Josef"]
[Result "1-0"]
[WhiteElo "2390"]
[BlackElo "2115"]
[PlyCount "85"]
[EventDate "2002.??.??"]
[EventType "corr"]
[SourceDate "2004.??.??"]

1. e4 c5 2. Nf3 Nc6 3. Bb5 e6 4. Bxc6 bxc6 5. b3 d5 6. e5 Ba6 7. d3 Ne7 8. c4
Nf5 9. O-O Be7 10. Nc3 Qc7 11. Ba3 Rd8 12. Qe1 Nd4 13. Nxd4 cxd4 14. Bxe7 Qxe7
15. Na4 Qc7 16. Nc5 Qb6 17. Nxa6 Qxa6 18. Qb4 Qb6 19. Qa3 Qc7 20. f4 c5 21.
Rac1 O-O 22. cxd5 Rxd5 23. b4 f6 24. exf6 Rxf6 25. bxc5 Rxf4 26. Qa6 Rxf1+ 27.
Rxf1 Qd7 28. Rc1 h6 29. c6 Qc7 30. Qc4 a5 31. Re1 Kf7 32. g3 Rd6 33. Rf1+ Kg8
34. Rc1 Rd5 35. Kg2 g5 36. Qa6 Rf5 37. Rc2 Kg7 38. Qb7 Qxb7 39. cxb7 Rb5 40.
Rc7+ Kf6 41. Kf3 a4 42. Ke4 e5 43. g4 1-0

[Event "11PCR_F"]
[Site "?"]
[Date "2002.??.??"]
[Round "?"]
[White "Nosek, Jaroslav"]
[Black "Chvojka, Jaroslav"]
[Result "1/2-1/2"]
[WhiteElo "2285"]
[BlackElo "2125"]
[PlyCount "124"]
[EventDate "2002.??.??"]
[EventType "corr"]
[SourceDate "2004.??.??"]

1. e4 e5 2. Nf3 Nc6 3. Bb5 a6 4. Ba4 Nf6 5. O-O Be7 6. Re1 b5 7. Bb3 d6 8. c3
O-O 9. h3 Bb7 10. d4 Na5 11. Bc2 c5 12. Nbd2 Qc7 13. Nf1 cxd4 14. cxd4 Rac8 15.
Bb1 exd4 16. Nxd4 d5 17. e5 Ne4 18. Nf5 Bb4 19. Qg4 Qxe5 20. Rd1 g6 21. Nh6+
Kh8 22. Bxe4 Qxe4 23. Qxe4 dxe4 24. Rd7 Bc6 25. Rxf7 Nc4 26. b3 Rxf7 27. Nxf7+
Kg7 28. Ng5 Bc3 29. Rb1 Nd6 30. Ng3 Re8 31. Bb2 Bxb2 32. Rxb2 Re7 33. Rd2 Nf7
34. Rc2 Nxg5 35. Rxc6 e3 36. Kf1 Rf7 37. f3 Nxf3 38. gxf3 Rxf3+ 39. Kg2 Rf2+
40. Kg1 Rxa2 41. Re6 a5 42. Rxe3 a4 43. bxa4 bxa4 44. Re7+ Kh6 45. Re5 Ra3 46.
Kg2 Ra2+ 47. Kf3 Rh2 48. Kg4 Rb2 49. Ra5 Rb4+ 50. Kf3 Rh4 51. Ra6 Rb4 52. Ra7
Rh4 53. Ra6 Rb4 54. Ra7 Rh4 55. Kg2 Rc4 56. Nf1 Rc2+ 57. Kf3 Rc3+ 58. Ne3 a3
59. h4 g5 60. hxg5+ Kxg5 61. Rxh7 a2 62. Ra7 a1=Q 1/2-1/2

[Event "11PCR_F"]
[Site "?"]
[Date "2002.??.??"]
[Round "?"]
[White "Doubek, Svatopluk"]
[Black "Vinklarek, Vlastimil"]
[Result "1-0"]
[WhiteElo "2270"]
[BlackElo "2135"]
[PlyCount "105"]
[EventDate "2002.??.??"]
[EventType "corr"]
[SourceDate "2004.??.??"]

1. d4 Nf6 2. c4 e6 3. Nc3 Bb4 4. e3 O-O 5. Bd3 d5 6. Nf3 b6 7. O-O Ba6 8. cxd5
Bxd3 9. Qxd3 exd5 10. b3 c6 11. Bb2 Re8 12. Ne5 Bd6 13. f4 a6 14. Rac1 Ra7 15.
Ne2 Rc7 16. Ng3 Re6 17. Rf2 Qc8 18. Rfc2 Qb7 19. Qf5 Bb4 20. e4 dxe4 21. Nxe4
Nxe4 22. Qxe4 Re8 23. Qf3 Rce7 24. a3 Bd6 25. b4 a5 26. f5 axb4 27. axb4 c5 28.
bxc5 bxc5 29. f6 Qxf3 30. Nxf3 gxf6 31. dxc5 Be5 32. Nh4 Nc6 33. Nf5 Rd7 34. g4
Ra8 35. Kg2 Rd5 36. Bxe5 fxe5 37. Kf3 f6 38. Ke4 Rd7 39. Nd6 Nd4 40. Rb2 Ne6
41. Kd5 Nf4+ 42. Kc6 Rg7 43. Rcb1 Rxg4 44. Rb8+ Rxb8 45. Rxb8+ Kg7 46. Kd7 Nd5
47. c6 Kg6 48. Nb5 e4 49. Nc3 Nxc3 50. c7 e3 51. Rg8+ Kf5 52. c8=Q Rxg8 53.
Qxg8 1-0

[Event "11PCR_F"]
[Site "?"]
[Date "2002.??.??"]
[Round "?"]
[White "Canibal, Jaromir"]
[Black "Cervenka, Jan"]
[Result "1/2-1/2"]
[WhiteElo "2230"]
[BlackElo "2155"]
[PlyCount "89"]
[EventDate "2002.??.??"]
[EventType "corr"]
[SourceDate "2004.??.??"]

1. e4 e5 2. Nf3 Nc6 3. Bb5 a6 4. Ba4 Nf6 5. O-O Be7 6. Re1 b5 7. Bb3 d6 8. c3
O-O 9. h3 Na5 10. Bc2 c5 11. d4 cxd4 12. cxd4 Bb7 13. a4 Rc8 14. axb5 axb5 15.
d5 Nd7 16. b3 Ra8 17. Bd2 Qb6 18. Be3 Qc7 19. Na3 Ba6 20. Bd3 Rfb8 21. b4 Nc4
22. Qc2 Rc8 23. Rec1 Ndb6 24. Nxb5 Bxb5 25. Bxb6 Qxb6 26. Rxa8 Rxa8 27. Bxc4
Rc8 28. Qb3 Qa6 29. Nd2 Bg5 30. Rc2 Bxd2 31. Bxb5 Qa1+ 32. Bf1 Rxc2 33. Qxc2
Qc3 34. Qa2 g6 35. b5 Qa5 36. Qc2 Bb4 37. g3 Bc5 38. Kg2 Qa1 39. Be2 Qd4 40.
Bd3 Kg7 41. Qe2 Bb6 42. g4 g5 43. Qc2 h6 44. Qd2 Kg6 45. Qe2 1/2-1/2

[Event "11PCR_F"]
[Site "?"]
[Date "2002.??.??"]
[Round "?"]
[White "Nedoma, Petr"]
[Black "Splichal, Josef"]
[Result "0-1"]
[WhiteElo "2200"]
[BlackElo "2155"]
[PlyCount "101"]
[EventDate "2002.??.??"]
[EventType "corr"]
[SourceDate "2004.??.??"]

1. e4 c5 2. Nf3 d6 3. d4 cxd4 4. Nxd4 Nf6 5. Nc3 a6 6. Bg5 e6 7. Be2 Be7 8. Qd3
Nbd7 9. O-O O-O 10. a4 Nc5 11. Qe3 Qa5 12. Rfd1 h6 13. Bh4 Ng4 14. Qh3 Bxh4 15.
Qxh4 Nf6 16. Ra3 Bd7 17. h3 Rfd8 18. Nb3 Nxb3 19. Rxb3 Bc6 20. Bf3 Qe5 21. Rd3
Rac8 22. Rb4 Qc5 23. Rb3 Rb8 24. Rd2 b5 25. axb5 axb5 26. Ne2 b4 27. Re3 Qe5
28. Rd4 Qb5 29. Rd2 Qe5 30. Rd4 Qb5 31. Rd2 Bb7 32. Kh2 Rbc8 33. Qf4 Qb6 34.
Red3 Qc7 35. Ng3 Ba6 36. Rb3 Qc5 37. c3 Rb8 38. cxb4 Rxb4 39. Rxb4 Qxb4 40. Qe3
Ne8 41. e5 d5 42. Ne4 Rc8 43. Nc3 Rc6 44. g3 Nc7 45. Qa7 Bc4 46. Bh5 Ba6 47.
Kg2 Kf8 48. f4 Kg8 49. Kh2 Bc4 50. Bg4 Rc5 51. Qa4 0-1

[Event "11PCR_F"]
[Site "?"]
[Date "2002.??.??"]
[Round "?"]
[White "Thoma, Otomar"]
[Black "Valenta, Josef"]
[Result "1/2-1/2"]
[WhiteElo "2185"]
[BlackElo "2160"]
[PlyCount "75"]
[EventDate "2002.??.??"]
[EventType "corr"]
[SourceDate "2004.??.??"]

1. e4 e5 2. Nf3 Nc6 3. Bb5 a6 4. Ba4 Nf6 5. O-O Be7 6. Re1 b5 7. Bb3 O-O 8. c3
d6 9. h3 Na5 10. Bc2 c5 11. d4 Qc7 12. Nbd2 cxd4 13. cxd4 Bb7 14. d5 Rac8 15.
Bd3 Nd7 16. Nf1 f5 17. exf5 Bxd5 18. Ng5 Bxg5 19. Bxg5 Ba8 20. b4 Nc4 21. Rc1
d5 22. Ne3 Qc6 23. Qh5 h6 24. Be7 d4 25. Bxc4+ bxc4 26. Rxc4 Qb7 27. Bxf8 dxe3
28. f3 Rxf8 29. Qg6 Qa7 30. Kh1 Bd5 31. Rc3 Bxa2 32. Rcxe3 Qb7 33. Ra1 Qxb4 34.
Qxa6 Bf7 35. Qd3 Qf4 36. Qe4 Qxe4 37. fxe4 Rc8 38. Kg1 1/2-1/2

[Event "11PCR_F"]
[Site "?"]
[Date "2002.??.??"]
[Round "?"]
[White "Valenta, Josef"]
[Black "Boleslav, Petr"]
[Result "1/2-1/2"]
[WhiteElo "2160"]
[BlackElo "1735"]
[PlyCount "62"]
[EventDate "2002.??.??"]
[EventType "corr"]
[SourceDate "2004.??.??"]

1. d4 Nf6 2. c4 e6 3. Nc3 Bb4 4. e3 O-O 5. Nf3 d5 6. Bd3 c5 7. cxd5 exd5 8.
dxc5 Bxc5 9. O-O Nc6 10. Qc2 Nb4 11. Qd1 Nxd3 12. Qxd3 Bg4 13. Nd4 Qe7 14. b3
Rfe8 15. Bb2 Qe5 16. h3 Bxd4 17. exd4 Qf5 18. Qd2 Bh5 19. f3 Bg6 20. Rfe1 Rac8
21. Rac1 Qd7 22. Re5 b5 23. a3 h6 24. Ne2 Rxc1+ 25. Nxc1 Qd6 26. Qc3 Qd7 27.
Qe3 Qc6 28. Ne2 Bc2 29. Bc1 Bd1 30. Ng3 Bc2 31. Ne2 Bd1 1/2-1/2

[Event "11PCR_F"]
[Site "?"]
[Date "2002.??.??"]
[Round "?"]
[White "Splichal, Josef"]
[Black "Thoma, Otomar"]
[Result "1/2-1/2"]
[WhiteElo "2155"]
[BlackElo "2185"]
[PlyCount "60"]
[EventDate "2002.??.??"]
[EventType "corr"]
[SourceDate "2004.??.??"]

1. e4 e5 2. Nf3 Nc6 3. Bb5 a6 4. Ba4 Nf6 5. O-O Be7 6. Re1 b5 7. Bb3 d6 8. c3
O-O 9. h3 Bb7 10. d4 Re8 11. a4 h6 12. Nbd2 Bf8 13. d5 Nb8 14. Qe2 Nbd7 15.
axb5 axb5 16. Rxa8 Qxa8 17. Qxb5 Nc5 18. Bc2 Ba6 19. Qa5 Bd3 20. Qxa8 Rxa8 21.
Bxd3 Nxd3 22. Rd1 Nc5 23. Kf1 Ncxe4 24. Nxe4 Nxe4 25. Ke2 f5 26. Nd2 Nxd2 27.
Rxd2 g5 28. b4 Bg7 29. f3 Kf7 30. Rc2 Ke7 1/2-1/2

[Event "11PCR_F"]
[Site "?"]
[Date "2002.??.??"]
[Round "?"]
[White "Cervenka, Jan"]
[Black "Nedoma, Petr"]
[Result "1/2-1/2"]
[WhiteElo "2155"]
[BlackElo "2200"]
[PlyCount "117"]
[EventDate "2002.??.??"]
[EventType "corr"]
[SourceDate "2004.??.??"]

1. e4 e5 2. Nf3 Nc6 3. Bb5 a6 4. Ba4 Nf6 5. O-O b5 6. Bb3 Bb7 7. Re1 Bc5 8. c3
O-O 9. d4 Bb6 10. Bg5 Re8 11. Bd5 d6 12. a4 h6 13. Bxf6 Qxf6 14. axb5 axb5 15.
Rxa8 Bxa8 16. Qd3 Na7 17. Bxa8 Rxa8 18. Na3 exd4 19. cxd4 c6 20. b4 Nc8 21. Nc2
Ne7 22. Ne3 Ra4 23. Rb1 Qg6 24. Nf5 Nxf5 25. exf5 Qf6 26. g3 d5 27. Ne5 Bc7 28.
f4 Bxe5 29. fxe5 Qg5 30. e6 fxe6 31. fxe6 Qe7 32. Qe3 Ra8 33. Re1 Re8 34. Qe5
Kh7 35. Qf5+ Kg8 36. Re2 Rf8 37. Qe5 Rf6 38. Kg2 Kh7 39. h4 Kh8 40. g4 Kg8 41.
Re3 Rg6 42. Kh3 Rf6 43. g5 Rf1 44. gxh6 gxh6 45. Kg2 Rf6 46. h5 Kh7 47. Kg3 Kh8
48. Qb8+ Rf8 49. Qe5+ Kh7 50. Kh3 Rf1 51. Re2 Qf8 52. Rg2 Rh1+ 53. Kg3 Qg8+ 54.
Kf2 Qf8+ 55. Ke3 Re1+ 56. Re2 Ra1 57. e7 Ra3+ 58. Kd2 Ra2+ 59. Ke3 1/2-1/2

[Event "11PCR_F"]
[Site "?"]
[Date "2002.??.??"]
[Round "?"]
[White "Vinklarek, Vlastimil"]
[Black "Canibal, Jaromir"]
[Result "1-0"]
[WhiteElo "2135"]
[BlackElo "2230"]
[PlyCount "51"]
[EventDate "2002.??.??"]
[EventType "corr"]
[SourceDate "2004.??.??"]

1. d4 Nf6 2. c4 g6 3. Nf3 Bg7 4. g3 O-O 5. Bg2 d6 6. O-O Nbd7 7. Nc3 e5 8. e4
Re8 9. d5 Nc5 10. Ne1 a5 11. b3 Rf8 12. f3 Nh5 13. Bb2 Qe7 14. Rf2 Bd7 15. a3
a4 16. b4 Nb3 17. Ra2 Bh6 18. Nc2 f5 19. Re2 fxe4 20. Nxe4 Nf6 21. Nc3 Qf7 22.
Rf2 Bf5 23. Kh1 c6 24. Na1 cxd5 25. Nxd5 Be4 26. fxe4 1-0

[Event "11PCR_F"]
[Site "?"]
[Date "2002.??.??"]
[Round "?"]
[White "Chvojka, Jaroslav"]
[Black "Doubek, Svatopluk"]
[Result "1/2-1/2"]
[WhiteElo "2125"]
[BlackElo "2270"]
[PlyCount "130"]
[EventDate "2002.??.??"]
[EventType "corr"]
[SourceDate "2004.??.??"]

1. d4 d5 2. c4 e6 3. Nc3 c6 4. Nf3 dxc4 5. a4 Bb4 6. e3 b5 7. Bd2 a5 8. axb5
Bxc3 9. Bxc3 cxb5 10. b3 Bb7 11. d5 Nf6 12. bxc4 b4 13. Bxf6 Qxf6 14. Qa4+ Nd7
15. Nd4 exd5 16. c5 Bc8 17. Qb5 O-O 18. Rxa5 Rxa5 19. Qxa5 b3 20. Be2 b2 21.
O-O Qg6 22. Qb5 Nxc5 23. Qxb2 h6 24. Qb5 Qe6 25. Qc6 Qxc6 26. Nxc6 Re8 27. Rd1
Ne4 28. Rxd5 Nc3 29. Rd2 Nxe2+ 30. Rxe2 f6 31. Nd4 Kf7 32. Rc2 Bd7 33. Rc7 Ke7
34. Nf5+ Kd8 35. Rc5 Bxf5 36. Rxf5 Ke7 37. h4 Rb8 38. h5 Rb4 39. f3 Kf7 40. Kf2
Rb2+ 41. Kg3 g6 42. hxg6+ Kxg6 43. e4 h5 44. Kh3 Re2 45. g3 Rd2 46. g4 hxg4+
47. Kxg4 Rg2+ 48. Kf4 Rh2 49. Ke3 Kf7 50. f4 Rb2 51. Rd5 Rb3+ 52. Rd3 Rb1 53.
Rc3 Re1+ 54. Kf3 Ke7 55. Rc7+ Kd6 56. Ra7 Rh1 57. Kg4 Ke6 58. Rb7 Rg1+ 59. Kh5
f5 60. Rb6+ Ke7 61. exf5 Kf7 62. f6 Rg2 63. Rd6 Rg1 64. Rc6 Rg2 65. Rb6 Rg1
1/2-1/2

[Event "11PCR_F"]
[Site "?"]
[Date "2002.??.??"]
[Round "?"]
[White "Batka, Josef"]
[Black "Nosek, Jaroslav"]
[Result "0-1"]
[WhiteElo "2115"]
[BlackElo "2285"]
[PlyCount "108"]
[EventDate "2002.??.??"]
[EventType "corr"]
[SourceDate "2004.??.??"]

1. e4 e6 2. d4 d5 3. e5 c5 4. c3 Qb6 5. Nf3 Nc6 6. a3 Nge7 7. dxc5 Qxc5 8. Bd3
Ng6 9. Qe2 Qb6 10. O-O Be7 11. Re1 O-O 12. h4 h6 13. h5 Nh4 14. Nbd2 Nf5 15. g4
Nh4 16. Nxh4 Bxh4 17. Nf3 Be7 18. g5 hxg5 19. Bxg5 Bxg5 20. Nxg5 f6 21. exf6
Rxf6 22. Bh7+ Kh8 23. Bg6 Ne7 24. Rad1 Bd7 25. Nf7+ Kg8 26. Ne5 Bb5 27. Qe3
Qxe3 28. Rxe3 Be8 29. Bxe8 Rxe8 30. Nf3 Rh6 31. Ng5 Nf5 32. Re2 Rxh5 33. Nxe6
Nd6 34. f4 Re7 35. Kg2 Rh6 36. Rde1 Rf6 37. Kf3 Ne4 38. Nd4 g5 39. f5 Rh6 40.
Kg2 Reh7 41. Ne6 Rh4 42. Kg1 b5 43. Nd4 a6 44. Ne6 g4 45. Rxe4 dxe4 46. Rxe4 g3
47. Re3 Rg4 48. Re2 Kf7 49. Nd4 Kf6 50. Re6+ Kg5 51. Nf3+ Kxf5 52. Re2 Rh6 53.
Kg2 Re6 54. Rd2 Kf4 0-1